HUMAN ANATOMY & PHYSIOLOGY LABORATORY MANUAL. (Record no. 217058)
[ view plain ]
| 000 -LEADER | |
|---|---|
| fixed length control field | 00624nam a22001937a 4500 |
| 008 - FIXED-LENGTH DATA ELEMENTS--GENERAL INFORMATION | |
| fixed length control field | 260428b |||||||| |||| 00| 0 eng d |
| 020 ## - INTERNATIONAL STANDARD BOOK NUMBER | |
| International Standard Book Number | 978-0-321-61614-2 |
| 050 ## - LIBRARY OF CONGRESS CALL NUMBER | |
| Classification number | QM 55. M37 2011 |
| 100 ## - MAIN ENTRY--PERSONAL NAME | |
| Personal name | MARIEB, ELAINE N. |
| 245 ## - TITLE STATEMENT | |
| Title | HUMAN ANATOMY & PHYSIOLOGY LABORATORY MANUAL. |
| 250 ## - EDITION STATEMENT | |
| Edition statement | 9TH |
| 260 ## - PUBLICATION, DISTRIBUTION, ETC. | |
| Place of publication, distribution, etc. | BOSTON, |
| Name of publisher, distributor, etc. | BENJAMIN CUMMINGS, |
| Date of publication, distribution, etc. | 2011 |
| 300 ## - PHYSICAL DESCRIPTION | |
| Extent | XX, 695 P , ILL |
| 500 ## - GENERAL NOTE | |
| General note | INCLUDES INDEX |
| 650 ## - SUBJECT ADDED ENTRY | |
| Topical term or geographic name entry element | 1. HUMAN ANATOMY- LABORATORY MANUALS 2. PPHYSIOLOGY- LABORATORY MANUALS. 3. ANATOMY AND PHYSIOLOGY- EXPERIMENTS. |
| 700 ## - ADDED ENTRY--PERSONAL NAME | |
| Personal name | MITCHELL, SUSAN J. |
| 942 ## - ADDED ENTRY ELEMENTS (KOHA) | |
| Source of classification or shelving scheme | Library of Congress Classification |
| Koha item type | Long Loan Book |
| Withdrawn status | Lost status | Source of classification or shelving scheme | Damaged status | Not for loan | Collection | Home library | Current library | Shelving location | Date acquired | Inventory number | Total checkouts | Full call number | Barcode | Date last seen | Copy number | Price effective from | Koha item type |
|---|---|---|---|---|---|---|---|---|---|---|---|---|---|---|---|---|---|
| Library of Congress Classification | Medicine | Kisii University Library | Kisii University Library | On Display | 04/28/2026 | 113271 | QM 55 .M37 2011 | A001672 | 04/28/2026 | 1 | 04/28/2026 | Long Loan Book | |||||
| Library of Congress Classification | Medicine | Kisii University Library | Kisii University Library | On Display | 04/28/2026 | 113272 | QM 55 .M37 2011 | A001674 | 04/28/2026 | 2 | 04/28/2026 | Long Loan Book |